000 00864ngm a22002650a 4500
001 PT19529
003 AR-LpoUNG
005 20210202000311.0
007 vd cvaizq
008 191001s1997||||ag |||||||||||||||||eng d
037 _c$11,63
040 _aAR-LpoUNG
_bspa
_cAR-LpoUNG
_eaacr
041 _aeng
044 _aag
082 0 _a822.33 118bus
100 1 _aPacino, Al
_edir.
245 1 3 _aEn busca de Ricardo III
260 _aBuenos Aires :
_bGativideo,
_c1997.
300 _aVHS (109 min.) : son., col.
505 0 _aDiálogos en inglés, subtítulos en castellano
520 _aOpera prima de Al Pacino como director, que fusiona elementos documentales con fragmentos de ficción para seguir el recorrido de un grupo de actores que ensaya la obra Ricardo III, de William Shakespeare.
653 _aVIDEOS
905 _a19529
942 _cVIDEO
999 _c54558
_d54558